Statistics for Countries by longest & shortest borders

Click here to take the quiz!

General Stats

  • This quiz has been taken 57 times
  • The average score is 15 of 20

Answer Stats

CountryLengthAnswer% Correct
Longest borderCambodia1,228 kmVietnam
98%
Longest borderIran1,458 kmIraq
98%
Longest borderFrance623 kmSpain
98%
Longest borderSwitzerland740 kmItaly
96%
Longest borderBrazil3,400 kmBolivia
92%
Longest borderAlgeria1,559 kmMorocco
88%
Longest borderColombia2,050 kmVenezuela
86%
Shortest borderItaly3.2 kmVatican City
86%
Longest borderSerbia476 kmRomania
84%
Shortest borderGermany68 kmDenmark
84%
Longest borderKenya933 kmUganda
80%
Shortest borderRussia19 kmNorth Korea
71%
Shortest borderGuinea386 kmGuinea-Bissau
63%
Longest borderDemocratic Republic of Congo2,410 kmAngola
55%
Shortest borderSouth Africa225 kmZimbabwe
55%
Shortest borderPeru171 kmChile
55%
Shortest borderChad87 kmNigeria
53%
Shortest borderAngola201 kmRepublic of the Congo
51%
Shortest borderTurkey9 kmAzerbaijan
43%
Shortest borderMontenegro25 kmCroatia
37%

Score Distribution

Percentile by Number Answered

Percent of People with Each Score

Your Score History

You have not taken this quiz